|
|
|
|
| LEADER |
00000nam a22000007a 4500 |
| 005 |
20210504222543.0 |
| 007 |
cr|||| |||| |
| 008 |
210504s2020 co |||||s|||| 00||0 spa d |
| 020 |
|
|
|a 978-958-665-571-2
|
| 035 |
|
|
|a 33250
|
| 040 |
|
|
|a vLex
|
| 090 |
|
|
|c 11611
|d 11611
|
| 100 |
1 |
|
|a Ariza Higuera, Libardo Još
|
| 245 |
1 |
0 |
|a Encarcelamiento masivo
|h [Recurso electrn̤ico] :
|b derecho, raza y castigo /
|c Libardo Jos ̌Ariza Higuera, Jonathan Simon, Mario Andrš Torres Gm̤ez
|
| 256 |
|
|
|a Servicio en ln̕ea
|
| 260 |
|
|
|a Bogot:̀
|b Siglo del Hombre Editores,
|c 2020
|
| 300 |
|
|
|a 1 recurso electrn̤ico
|
| 500 |
|
|
|a En los l︢timos treinta aǫs, varios autores han descrito el aumento vertiginoso de la poblacin̤ penitenciaria global; un fenm̤eno histr̤ico y polt̕ico tan intenso que merece ser llamado: la era del encarcelamiento masivo. En el centro de este debate se encuentran los estudios de Jonathan Simon, que nos permiten comprender cm̤o desde hace varias dčadas la cuestin̤ penitenciaria, un problema social y polt̕ico por excelencia, se ha convertido en un problema jurd̕ico. Los trabajos de Simon que se presentan en este libro son claves para comprender las nuevas realidades y los retos de la criminologa̕ y la sociologa̕ del castigo.
|
| 506 |
1 |
|
|a Disponible solo en los productos indicados
|d vLex Global
|d vLex Global (Academic Edition, excluding Law Schools)
|d vLex Global (U.S. Academic Edition, Law Schools)
|d vLex Global (U.S. Academic Edition, excluding Law Schools)
|d vLex Global (Academic Edition, Law Schools)
|
| 650 |
0 |
4 |
|a Derecho Penal
|z Colombia
|
| 650 |
0 |
4 |
|a Normativa Penitenciaria
|z Colombia
|
| 700 |
1 |
|
|a Simon, Jonathan
|
| 700 |
1 |
|
|a Torres Gm̤ez, Mario Andrš
|
| 740 |
0 |
|
|a vLex Libros (Servicio en ln̕ea)
|
| 856 |
4 |
0 |
|u https://vlex.com/source/encarcelamiento-masivo-derecho-raza-y-castigo-33250
|z Acceso restringido
|
| 942 |
|
|
|c BOOK
|
| 999 |
0 |
|
|a Criminal Law
|
| 999 |
0 |
|
|a Penitentiary Regulations
|